000 00910nam a22002417a 4500
005 20100814112122.0
010 _aENG-100164
020 _c1595.00
_a9788185578842
035 _aEN-83696
037 _bDBAD/PUB
082 _a617.89
100 _aBiswas, Anirban
_913145
245 _aClinical audio-vestibulometry for otologists and neurologists /
_cby Anirban Biswas
250 _a4th ed
260 _aMumbai
_bBhalani Publishing House
_c2009
270 _a11 Mavawala Building Opp. K. E. M. Hospital Parel
_bMumbai
_e400012
300 _axii, 272p.:
_c29cm (Hb)
500 _aIncludes bibliogaphical references and index
650 _aAudiometry
_913146
650 _aVestifular function test
_913147
942 _2ddc
_cEN
_h617.89
_mBIS
999 _c41823
_d41823